| 000 | 00374nam a2200133Ia 4500 | ||
|---|---|---|---|
| 008 | 220216s9999 xx 000 0 und d | ||
| 100 | _aBolton J | ||
| 245 | 4 | _aThe response of Hevea to fertilisers on a sandy latosol | |
| 260 |
_bJournal of the Rubber Research Institute of Malaya _c1959-60 |
||
| 300 | _a178-190 | ||
| 650 | _aFertilisers | ||
| 650 | _aHevea | ||
| 942 | _cJS | ||
| 999 |
_c70963 _d70963 |
||